000 00222nam a2200097Ia 4500
008 190216s9999||||xx |||||||||||||| ||und||
100 _aLorence E Strong
245 0 _aRasa Oorjam
260 _bKerala Basha Inst
942 _cBK
999 _c39205
_d39205